Statistics for Countries where civilians cannot own guns

Click here to take the quiz!

General Stats

  • This quiz has been taken 26 times
  • The average score is 7 of 21

Answer Stats

Answer% Correct
North Korea
73%
Fiji
59%
Vatican City
59%
Solomon Islands
45%
Brunei
41%
Nauru
41%
Palau
41%
Eritrea
36%
Kiribati
36%
Marshall Islands
36%
Papua New Guinea
36%
Mali
32%
Somalia
32%
Cambodia
27%
Timor Leste
27%
Burkina Faso
23%
Seychelles
23%
Maldives
18%
Comoros
14%
Guinea-Bissau
14%
Cook Islands
5%

Score Distribution

Percentile by Number Answered

Percent of People with Each Score

Your Score History

You have not taken this quiz